Statistics for Percy Jackson Appearance Challenge

Click here to take the quiz!

General Stats

  • This quiz has been taken 2,654 times
  • The average score is 10 of 14

Answer Stats

HintAnswer% Correct
Jet black hair and sea green eyesPercy Jackson
100%
Golden hair and stormy gray eyesAnnabeth Chase
98%
Brown fur and hoovesGrover Underwood
94%
Scrawny and... dead looking with a unique daggerNico DiAngelo
80%
His scar and tattoo set him apart from all others, and he always looks a little winded ;)Jason Grace
78%
He has a mischievous look to him with his curly black hair. I guess you could say he is kind of hot ;)Leo Valdez
77%
Frizzy red hair with drawings on her clothing and a stylish blue hairbrushRachel Dare
76%
Her mesmerizing kaleidoscope eyes keep the boys coming, but other than that, this girl looks nothing like her motherPiper Mclean
74%
This baby sumo wrestler really grows up in House of Hades but he has a lot of different looks ;)Frank Zhang
70%
Since his rear end is a little... different, I can only call his long legs uniqueChiron
65%
This big boy needs to order specialty glassesTyson
57%
Cinnamon brown hair that matches her dark, but fair skin. I guess you could say she's a golden girl ;)Hazel Levesque
53%
With such stringy, messy brown hair, you could say there is a war going on up there ;)Clarisse La Rue
30%
A mysterious scar under his eye leaves you guessing, while his blonde hair and blue eyes just charm all the girlsLuke Castellano
10%

Score Distribution

Percentile by Number Answered

Percent of People with Each Score

Your Score History

You have not taken this quiz